Statistics for Most Streamed Songs from WWAFAWDWG? (Debut) Album by Billie Eilish

Click here to take the quiz!

General Stats

  • This quiz has been taken 82 times
  • The average score is 8 of 13

Answer Stats

StreamsTrack% Correct
2.276BBad Guy
100%
1.554BWhen the Party's Over
80%
941MBury a Friend
68%
757MYou Should See Me in a Crown
61%
767MI Love You
59%
717MWish You Were Gay
58%
277M8
56%
567MAll the Good Girls Go to Hell
55%
368MIlomilo
53%
214MGoodbye
52%
447MMy Strange Addiction
52%
461MListen Before I Go
50%
419MXanny
48%

Score Distribution

Percentile by Number Answered

Percent of People with Each Score

Your Score History

You have not taken this quiz